000 00869cab a2200253 4500
001 WB3101-52
008 090401t1994 xxu||||| |||| 00| 0 eng d
035 _a(Sirsi) u61602
041 _aeng
245 _aGovernment to reassess plans for new roads
260 _c1994
350 _a0
490 _aFinancial Times
_v20 December 1994. 1,16&6
490 _aContract Journal
_v376(6006) 22/29 December 1994, 3(3)
520 _aFollowing publication of "Trunk roads and the generation of traffic" (SACTRA HMSO £24), government is to review its roadbuilding programme.
650 _aGOVERNMENT POLICY
650 _aROADBUILDING
650 _aROADS PROGRAMME
650 _aPROPERTY-INFRASTRUCTURE-TRANSPORT INFRASTRUCTURE-ROAD INFRASTRUCTURE
650 _aTRAFFIC GENERATION
690 _aTRANSPORT AND COMMUNICATIONS
942 _n0
948 _c04/03/1997
999 _c38198
_d38198